Linguaggio, passione e ideologia : Pier Paolo Pasolini tra Gramsci, Gadda e Contini /

Uloženo v:
Podrobná bibliografie
Hlavní autor: Ferri, Francesco, (1965- ) (Autor)
Další autoři: De Mauro, Tullio
Médium: Kniha
Jazyk:italština
Vydáno: Roma : Progetti museali, 1996
Témata:
Tagy: Přidat tag
Žádné tagy, Buďte první, kdo vytvoří štítek k tomuto záznamu!

MARC

LEADER 00000nam a22000007i 4500
001 IT\ICCU\RAV\0289148
003 ItRI
005 20260115231947.0
008 970303s1996 it |||||| ||||| |||||c
020 |a 8886512368 
040 |b ita  |c importazione bologna sebina 
041 7 |a ita  |2 ISO-639-2 
082 |a 851.914  |9 POESIA ITALIANA. 1945-  |2 20 
100 1 |a Ferri, Francesco,  |d  (1965- )  |0 IT\ICCU\GEAV\006121  |4 aut 
245 1 0 |a Linguaggio, passione e ideologia :  |b Pier Paolo Pasolini tra Gramsci, Gadda e Contini /  |c Francesco Ferri ; presentazione di Tullio De Mauro. 
260 |a Roma :  |b Progetti museali,  |c 1996 
300 |a VIII, 261 p. ;  |c 23 cm. 
650 7 |a Pasolini, Pier Paolo 
700 1 |a De Mauro, Tullio  |0 IT\ICCU\CFIV\026914 
942 |2 ddc  |c BK  |n 0 
952 |0 0  |1 0  |4 0  |6 DOC_850_900000000000000_FER  |7 0  |9 17888  |a BO  |b BO  |d 2026-01-15  |i 5163  |l 0  |o DOC 850.900 FER  |p BO5163  |r 2026-01-15 23:19:47  |w 2026-01-15  |x [Sebina 5] [1 v.]  |y BK  |z 1 v. 
999 |c 15211  |d 15211